Southville International School and Colleges
Your cart is empty.
  • Cart
  • Lists
    Public lists Eva Luna New books Lux_list list_1
    Your lists Log in to create your own lists
  • Log in to your account
  • Your cookies
  • Search history
Southville International School and Colleges
  • Advanced search
  • Recent comments
  • Most popular
  • Libraries

Log in to your account

Log in with GOOGLE


If you do not have an external account, but do have a local account, you can still log in:

  1. Home
  2. MARC view: Existential-Humanistic Therapy over time.
Normal view MARC view ISBD view

Existential-Humanistic Therapy over time. (Record no. 276293)

[ view plain ]
MARC details
000 -LEADER
fixed length control field 00477nam a2200169 a 4500
005 - DATE AND TIME OF LATEST TRANSACTION
control field 20141022142001.0
008 - FIXED-LENGTH DATA ELEMENTS--GENERAL INFORMATION
fixed length control field 110118s19uu xx 00 eng d
020 ## - INTERNATIONAL STANDARD BOOK NUMBER
International Standard Book Number 9781433804229
050 ## - LIBRARY OF CONGRESS CALL NUMBER
Classification number DVD
Item number Sch5 2009
100 ## - MAIN ENTRY--PERSONAL NAME
Personal name Schneider, Kirk J.
245 ## - TITLE STATEMENT
Title Existential-Humanistic Therapy over time.
260 ## - PUBLICATION, DISTRIBUTION, ETC. (IMPRINT)
Name of publisher, distributor, etc APA,
Date of publication, distribution, etc 2009.
440 ## - SERIES STATEMENT/ADDED ENTRY--TITLE
Title Series VIII-Psychotherapy in six sessions
650 ## - SUBJECT ADDED ENTRY--TOPICAL TERM
Topical term or geographic name as entry element Therapy -Human treatment.
650 ## - SUBJECT ADDED ENTRY--TOPICAL TERM
Topical term or geographic name as entry element Therapy-Psycholohy.
942 ## - ADDED ENTRY ELEMENTS (KOHA)
Koha item type Audio Visual Materials
Holdings
Withdrawn status Lost status Damaged status Use restrictions Home library Current library Shelving location Date acquired Source of acquisition Cost, normal purchase price Total Checkouts Full call number Barcode Date last seen Price effective from Koha item type
        College Library College Library Audio Visual Material Section 01/18/2011   34713.00   DVD Sch5 2009 AVM0109 11/11/2014 04/12/2014 Audio Visual Materials

Existential-Humanistic Therapy over time.

APA

Schneider K. J., . (2009). Existential-Humanistic Therapy over time. : APA.

Chicago

Schneider Kirk J, . 2009. Existential-Humanistic Therapy over time. : APA.

Harvard

Schneider K. J., . (2009). Existential-Humanistic Therapy over time. : APA.

MLA

Schneider Kirk J, . Existential-Humanistic Therapy over time. : APA. 2009.

  • Place hold
  • Print
  • Cite
  • Add to your cart (remove)
  • Save record
    BIBTEX Dublin Core MARCXML MARC (non-Unicode/MARC-8) MARC (Unicode/UTF-8) MARC (Unicode/UTF-8, Standard) MODS (XML) RIS
  • More searches
    Search for this title in:
    Other Libraries (WorldCat) Other Databases (Google Scholar) Online Stores (Bookfinder.com) Open Library (openlibrary.org)

Exporting to Dublin Core...

SOUTHVILLE LIBRARY

Southville International School and Colleges Library

1281 Tropical Ave. Cor. Luxembourg St., BF Homes International, Las Pinas City

Tel. No. 8256374 / 252358 Loc. 117/146

Powered by Koha